| 000 | 01030nam a2200241Ia 4500 | ||
|---|---|---|---|
| 001 | 15957 | ||
| 003 | GE_BSU | ||
| 008 | 181216s||||||||xx |||||||||||||| ||und|| | ||
| 040 | _cGE_BSU | ||
| 080 | _a821.353.1-32 | ||
| 100 | _aჯაფარიძე, რ. (რევაზ) | ||
| 245 | _aრჩეული თხზულებანი : 4 ტომად. ტ. 1 | ||
| 245 | _bმოთხრობები | ||
| 245 | _cრედ. თ.აბულაძე. მხ. შ.ნიორაძე | ||
| 260 | _aთბილისი | ||
| 260 | _bსაბჭ. საქართველო | ||
| 260 | _c1987 | ||
| 300 | _a574 გვ.22 სმ.1ფ.პორტრ. | ||
| 653 | _aმოთხრობები | ||
| 653 | _aრჩეული თხზულებანი | ||
| 653 | _aტყის ბიჭი; ხმა იდუმალი; გრძელი გზა; თეთრკაბიანი ქალი; მხიარული მატარებელი და სხვ. | ||
| 942 | _cBK | ||
| 999 |
_c49051 _d49051 |
||